Loading...
| Visual Arts | 1 | 5 | 0 | 0 | 65 | 80 | 112.83 | 1 | 6 |
| Social Science | 0 | 6 | 0 | 1 | 60 | 85 | 97.83 | 1 | 6 |
| Literature - British Literature | 1 | 3 | 0 | 0 | 45 | 46 | 108.50 | 2 | 4 |
| Literature - American Literature | 0 | 4 | 1 | 0 | 35 | 122 | 136.25 | 0 | 2 |
| History - European History | 1 | 2 | 0 | 1 | 35 | 45 | 84.67 | 1 | 3 |
| Philosophy | 0 | 3 | 0 | 0 | 30 | 108 | 110.00 | 0 | 3 |
| History - American History | 0 | 3 | 0 | 1 | 30 | 81 | 105.33 | 1 | 3 |
| Auditory Arts | 0 | 3 | 1 | 0 | 25 | 106 | 123.33 | 0 | 2 |
| Science - Physics | 0 | 2 | 0 | 0 | 20 | 106 | 109.50 | 2 | 2 |
| Fine Arts - Other Arts | 0 | 2 | 0 | 1 | 20 | 130 | 132.00 | 0 | 1 |
| Literature - World Literature | 0 | 2 | 1 | 0 | 15 | 131 | 137.50 | 0 | 1 |
| Literature - European Literature | 0 | 2 | 1 | 0 | 15 | 124 | 129.00 | 0 | 1 |
| Science - Biology | 0 | 2 | 1 | 0 | 15 | 87 | 93.50 | 0 | 2 |
| Science - Other Science | 0 | 1 | 0 | 0 | 10 | 102 | 102.00 | 1 | 1 |
| Other Academic | 0 | 1 | 0 | 0 | 10 | 66 | 66.00 | 1 | 1 |
| Beliefs | 0 | 1 | 0 | 0 | 10 | 114 | 114.00 | 0 | 1 |
| History - World History | 0 | 1 | 0 | 1 | 10 | 143 | 143.00 | 0 | 1 |
| Current Events | 0 | 0 | 0 | 0 | 0 | 0.00 | 0 | 0 | |
| History - Other History | 0 | 0 | 0 | 0 | 0 | 0.00 | 0 | 0 | |
| Geography | 0 | 0 | 1 | 0 | -5 | 0.00 | 0 | 0 | |
| History - Ancient History | 0 | 0 | 1 | 0 | -5 | 0.00 | 0 | 0 |